[Event "NED-ch U14"]
[Site "Almelo"]
[Date "2023.04.30"]
[Round "1"]
[White "Thijssen, Freek"]
[Black "Kazarjan, Gachatur"]
[Result "1/2-1/2"]
[WhiteElo "1644"]
[BlackElo "1872"]
[PlyCount "116"]
[EventDate "2023.04.30"]
[EventType "swiss"]
[EventRounds "9"]
[EventCountry "NED"]
[SourceTitle "CBM 214 Extra"]
[Source "ChessBase"]
[SourceDate "2023.07.31"]
[SourceVersion "1"]
[SourceVersionDate "2023.07.31"]
[SourceQuality "1"]

1. e4 c5 2. Nf3 d6 3. d4 cxd4 4. Nxd4 Nf6 5. Nc3 g6 6. Be3 Bg7 7. f3 0-0 8. Qd2 Nc6 9. g4 Bd7 10. 0-0-0 Rc8 11. h4 h5 12. g5 Ne8 13. Be2 Ne5 14. Rhf1 Nc4 15. Bxc4 Rxc4 16. Qd3 Rc8 17. Nde2 b5 18. Bd4 Nc7 19. Bxg7 Kxg7 20. Nf4 b4 21. Nce2 Bb5 22. Qe3 a5 23. Rd2 Ne6 24. Rfd1 Bxe2 25. Rxe2 Nxf4 26. Qxf4 Qd7 27. e5 Qe6 28. Kb1 Rc4 29. Rd4 Rfc8 30. Rxc4 Rxc4 31. Qh2 Qd5 32. Re1 Rd4 33. Qe2 dxe5 34. c3 bxc3 35. Qxe5+ Qxe5 36. Rxe5 cxb2 37. Rxa5 Rxh4 38. Kxb2 Rf4 39. Ra3 h4 40. Re3 h3 41. Rxe7 Rxf3 42. Re1 Rg3 43. Rh1 f6 44. gxf6+ Kxf6 45. Rf1+ Ke5 46. a4 h2 47. Rh1 Rh3 48. a5 Kd6 49. Kc2 g5 50. Kd2 g4 51. Ke2 Ra3 52. Kf2 g3+ 53. Kg2 Kc5 54. Rb1 Kd4 55. Rf1 Ke4 56. a6 h1Q+ 57. Rxh1 Kf4 58. Rh4+ Ke5 1/2-1/2

[Event "NED-ch op-B"]
[Site "Borne"]
[Date "2019.08.09"]
[Round "6"]
[White "Kumar, Prayan Sai"]
[Black "Thijssen, Freek"]
[Result "0-1"]
[WhiteElo "499"]
[BlackElo "702"]
[PlyCount "62"]
[EventDate "2019.08.05"]
[EventType "swiss"]
[EventRounds "9"]
[EventCountry "NED"]
[SourceTitle "EXT 2020"]
[Source "ChessBase"]
[SourceDate "2019.10.17"]
[SourceVersion "1"]
[SourceVersionDate "2019.10.17"]
[SourceQuality "1"]

1. e4 e5 2. Nf3 Nc6 3. Bc4 Nf6 4. Nc3 Bc5 5. d3 h6 6. Bd2 0-0 7. 0-0 d6 8. Re1 Bg4 9. h3 Bh5 10. Nd5 Nxd5 11. Bxd5 Nd4 12. g4 Bg6 13. Nxd4 Bxd4 14. Bxb7 Rb8 15. Bd5 Qh4 16. Qe2 Qxh3 17. c3 Bb6 18. Qf1 Qxg4+ 19. Qg2 Qh4 20. Be3 Bxe3 21. Rxe3 Rxb2 22. Rh3 Qf6 23. Rf3 Qe7 24. Bb3 Rb8 25. Qf1 Qg5+ 26. Rg3 Qd2 27. Rd1 Qxc3 28. Rc1 Qd4 29. Rxc7 Rb5 30. Qc1 Qxf2+ 31. Kh1 Qh2# 0-1

[Event "NED-ch op-B"]
[Site "Borne"]
[Date "2019.08.09"]
[Round "5"]
[White "Thijssen, Freek"]
[Black "Meijboom, Simon"]
[Result "1-0"]
[WhiteElo "702"]
[BlackElo "420"]
[PlyCount "97"]
[EventDate "2019.08.05"]
[EventType "swiss"]
[EventRounds "9"]
[EventCountry "NED"]
[SourceTitle "EXT 2020"]
[Source "ChessBase"]
[SourceDate "2019.10.17"]
[SourceVersion "1"]
[SourceVersionDate "2019.10.17"]
[SourceQuality "1"]

1. e4 e5 2. Nf3 Nc6 3. Bc4 Bc5 4. c3 Nf6 5. d4 exd4 6. cxd4 Bxd4 7. Nxd4 Nxd4 8. Qxd4 d6 9. Bg5 c5 10. Qd3 h6 11. Bh4 g5 12. Bg3 Bg4 13. Qxd6 Qxd6 14. Bxd6 Nxe4 15. Be5 Rf8 16. 0-0 0-0-0 17. f3 Ng3 18. hxg3 Bf5 19. g4 Bxb1 20. Raxb1 Rfe8 21. Bc3 Kc7 22. Bxf7 Re7 23. Bc4 a6 24. a4 b5 25. Ba5+ Kc8 26. Bxd8 Kxd8 27. Rbd1+ Kc7 28. axb5 axb5 29. Bxb5 Re5 30. Rfe1 Rxe1+ 31. Rxe1 Kb6 32. Bc4 Ka5 33. Re6 Kb4 34. b3 Ka3 35. Rb6 Kb2 36. b4 cxb4 37. Rxb4+ Kc3 38. Ra4 Kd4 39. Kf2 Kc5 40. Ke3 Kb6 41. Kd4 Kc7 42. Kc5 Kd7 43. Kd5 Ke7 44. Ke5 Kd7 45. Bd5 Kc7 46. Rb4 Kd7 47. Rb7+ Kc8 48. Kd6 Kd8 49. Rb8# 1-0

[Event "NED-ch op-B"]
[Site "Borne"]
[Date "2019.08.09"]
[Round "3"]
[White "Thijssen, Freek"]
[Black "Vijver, Jonathan"]
[Result "0-1"]
[WhiteElo "702"]
[BlackElo "999"]
[PlyCount "186"]
[EventDate "2019.08.05"]
[EventType "swiss"]
[EventRounds "9"]
[EventCountry "NED"]
[SourceTitle "EXT 2020"]
[Source "ChessBase"]
[SourceDate "2019.10.17"]
[SourceVersion "1"]
[SourceVersionDate "2019.10.17"]
[SourceQuality "1"]

1. e4 e5 2. Nf3 Nc6 3. Bc4 Nf6 4. Nc3 Nxe4 5. Nxe4 d5 6. Bd3 dxe4 7. Bxe4 Bd7 8. 0-0 Bc5 9. Re1 0-0 10. Bxc6 Bxc6 11. Nxe5 Qd5 12. Nxc6 Qxc6 13. d4 Bb6 14. c3 Rfe8 15. Bf4 Rxe1+ 16. Qxe1 Re8 17. Qd2 Qe4 18. a4 h6 19. f3 Qe2 20. a5 g5 21. Qxe2 Rxe2 22. Bc1 Bxa5 23. Rxa5 Re1+ 24. Kf2 Rxc1 25. Rxa7 Rc2+ 26. Kg3 Rxb2 27. Ra8+ Kg7 28. Rc8 c6 29. Rc7 Kg6 30. Rd7 Rb3 31. c4 Rb4 32. c5 f5 33. h3 f4+ 34. Kf2 Rb2+ 35. Kg1 Kh5 36. Rd6 Rb1+ 37. Kf2 Rb2+ 38. Kg1 Rb3 39. g4+ fxg3 40. Kg2 Rb4 41. Kxg3 Rc4 42. Rd7 Rb4 43. Rd6 Rb1 44. Kg2 Rb2+ 45. Kg3 Rb5 46. Re6 Ra5 47. Re7 Ra7 48. Rd7 Kg6 49. Rd6+ Kg7 50. Rd7+ Kf8 51. Rd6 Kg7 52. h4 gxh4+ 53. Kxh4 Ra3 54. f4 Rf3 55. Kg4 Rd3 56. Rd7+ Kf8 57. Kh5 Rh3+ 58. Kg4 Rh1 59. Kf5 Rd1 60. Kf6 Ke8 61. Ke6 Re1+ 62. Kd6 Rg1 63. Ke6 Rg6+ 64. Ke5 Kxd7 65. f5 Rg5 66. d5 cxd5 67. Kxd5 Rxf5+ 68. Kc4 h5 69. Kb5 h4 70. Ka5 h3 71. Kb6 h2 72. Kxb7 h1Q+ 73. c6+ Ke7 74. Kc7 Qxc6+ 75. Kxc6 Re5 76. Kb6 Kd6 77. Kb7 Rc5 78. Kb6 Rh5 79. Kb7 Rh8 80. Kb6 Rb8+ 81. Ka7 Kc7 82. Ka6 Rb7 83. Ka5 Rb6 84. Ka4 Kc6 85. Ka5 Kc5 86. Ka4 Rb5 87. Ka3 Rb4 88. Ka2 Kc4 89. Ka3 Kc3 90. Ka2 Rb3 91. Ka1 Kc2 92. Ka2 Rh3 93. Ka1 Ra3# 0-1

[Event "NED-ch op-A"]
[Site "Borne"]
[Date "2019.08.07"]
[Round "7"]
[White "Thijssen, Freek"]
[Black "Peeters, Paul"]
[Result "1-0"]
[WhiteElo "702"]
[BlackElo "500"]
[PlyCount "45"]
[EventDate "2019.08.05"]
[EventType "swiss"]
[EventRounds "9"]
[EventCountry "NED"]
[SourceTitle "EXT 2020"]
[Source "ChessBase"]
[SourceDate "2019.10.17"]
[SourceVersion "1"]
[SourceVersionDate "2019.10.17"]
[SourceQuality "1"]

1. e4 e5 2. Nf3 Nc6 3. Bc4 Nf6 4. Ng5 Qe7 5. Nxf7 Rg8 6. Ng5 h6 7. Bxg8 Nxg8 8. Nf3 Nf6 9. Nc3 Nd4 10. d3 Nxf3+ 11. Qxf3 Qe6 12. 0-0 Bb4 13. Nd5 Nxd5 14. exd5 Qd6 15. c3 Bc5 16. Re1 a6 17. d4 Bb6 18. Rxe5+ Kd8 19. Qh3 Qf8 20. Qh4+ g5 21. Bxg5+ hxg5 22. Qxg5+ Qf6 23. Qxf6# 1-0

[Event "NED-ch op-A"]
[Site "Borne"]
[Date "2019.08.05"]
[Round "2"]
[White "Zoet, Wiebe"]
[Black "Thijssen, Freek"]
[Result "0-1"]
[WhiteElo "426"]
[BlackElo "702"]
[PlyCount "30"]
[EventDate "2019.08.05"]
[EventType "swiss"]
[EventRounds "9"]
[EventCountry "NED"]
[SourceTitle "EXT 2020"]
[Source "ChessBase"]
[SourceDate "2019.10.17"]
[SourceVersion "1"]
[SourceVersionDate "2019.10.17"]
[SourceQuality "1"]

1. e4 e5 2. Nf3 Nc6 3. Nc3 Bc5 4. Bc4 Nf6 5. Ng5 0-0 6. Bxf7+ Rxf7 7. Nxf7 Kxf7 8. 0-0 d6 9. d3 Ng4 10. Qf3+ Kg8 11. Nd5 Qh4 12. h3 Nxf2 13. Nxc7 Nxh3+ 14. Kh1 Nf2+ 15. Kg1 Qh1# 0-1